| 000 | 00332 a2200133 4500 | ||
|---|---|---|---|
| 005 | 20250625080100.0 | ||
| 020 | _a978-0-7499-2811-7 | ||
| 082 | _a658LEV. | ||
| 100 | _aLEVINSON. C. J. | ||
| 245 | _aGuerrilla Marketing | ||
| 260 |
_aNew York, _bHought Mifflin Company, _c2007. |
||
| 300 |
_ax,; 343p,. _bIndex _c23cm. |
||
| 942 |
_2ddc _cBKS |
||
| 999 |
_c4947 _d4947 |
||